[Event "Tingo Maria UNAS Semana Santa op"]
[Site "Tingo Maria"]
[Date "2012.04.08"]
[Round "9"]
[White "Portilla Chavez, Luis Fernando"]
[Black "Chavez Tapia, Kind"]
[Result "0-1"]
[WhiteElo "1611"]
[BlackElo "1311"]
[PlyCount "59"]
[EventDate "2012.04.05"]
[EventType "swiss"]
[EventRounds "9"]
[EventCountry "PER"]
[SourceTitle "EXT 2014"]
[Source "ChessBase"]
[SourceDate "2013.11.20"]
[SourceVersion "1"]
[SourceVersionDate "2013.11.20"]
[SourceQuality "1"]

1. e4 c5 2. Nf3 e6 3. c3 d5 4. e5 Nc6 5. Bb5 Bd7 6. d3 a6 7. Bxc6 Bxc6 8. Nbd2 Ne7 9. d4 cxd4 10. cxd4 g6 11. Nb3 b6 12. Bg5 Qd7 13. 0-0 Bg7 14. Qd2 0-0 15. Bf6 a5 16. Rac1 Rac8 17. h4 Bb5 18. Rfe1 Rxc1 19. Rxc1 Nf5 20. g4 Nh6 21. Nh2 Rc8 22. Rxc8+ Qxc8 23. f3 Qc4 24. h5 Qe2 25. hxg6 Qxd2 26. gxh7+ Kxh7 27. Nxd2 Bxf6 28. exf6 Kg6 29. Kg2 Kxf6 30. Kg3 0-1